000 00895nam a22002897a 4500
001 BR6000484
003 BR-BrBNA
005 20230928083028.0
007 ta
008 230509b bl.||||| |||| 00| 0 por d
040 _aBR-BrBNA
_bpor
_cBiblioteca Nacional de Agricultura
041 _a(Por)
072 _aE10; E15
_b/G514
090 _ E10 BR6000484
110 1 _aInstituto Brasileiro de Economia, Rio de Janeiro, GB. Centro de Estudos Agricolas
245 1 _aAgropecuaria - alguns indicadores - 1972-1973 [Preco; Salario; Arrendamento; Terra; Empreitada; Brasil]
260 3 _aRio de Janeiro, GB (Brasil):
_c1973.
300 _a4 p.
500 _a7 tables; Reprint of Conjuntura Economica, v.27 - out/73
650 _aPreco
650 _aSalario
650 _aArrendamento
650 _aEmpreitada
650 _aTerra
909 _a202309
_bLucia
_c55
_dLucia Elande
942 _cBK
999 _c11179
_d11179